00509nam a2200193 a 4500001001300000003000900013005001700022008004100039020001100080082001500091100001700106245003300123260003800156300000800194500003500202505003900237650002200276700001700298nice12345678IN_TiNIC20260116012649.0050524s1978 cana grp 000 0 eng  ac28.200a269.2bEVA aEvans, Simon aTurkeyb Impossible for God. aCanadabFellowship of Faithc1978 a20p aincludes index and biblioraphy2 aOriginal Text and Notes in English aEvangelistic Work1 aEvans, Simon